Vůdcovství českých elit / Pavol Frič a kol.
Record details
- ISBN: 978-80-247-2563-5
- Physical Description: 296 s. : il. ; 21 cm
- Edition: Vyd. 1.
- Publisher: Praha : Grada, 2008
Content descriptions
| Bibliography, etc. Note: | Obsahuje bibliografii, bibliografické odkazy a rejstříky |
Search for related items by subject
| Subject: | vůdcovství elity > Česko veřejné mínění > Česko leadership elites > Czechia public opinion > Czechia |
| Genre: | studie studies |
Search for related items by series
Available copies
- 1 of 1 copy available at Common Catalog SPOK.
Holds
- 0 current holds with 1 total copy.
Show Only Available Copies
| Location | Call Number / Copy Notes | Barcode | Shelving Location | Status | Due Date |
|---|---|---|---|---|---|
| Jabok Library | Soc-5.3 | 424480023938 | Odborná literatura | Available | - |
Electronic resources
Version of Resource: Digitalizovaný dokument
| LDR | 01510nam a2200457 a 4500 | ||
|---|---|---|---|
| 001 | 14461 | ||
| 003 | CZ-PrJAB | ||
| 005 | 20191126134218.0 | ||
| 007 | ta | ||
| 008 | 080522s2008 xr a e 001 0 cze | ||
| 015 | . | ‡acnb001805426 | |
| 020 | . | ‡a978-80-247-2563-5 ‡q(brož.) | |
| 035 | . | ‡a(CZ PrNK)nkc20081805426 | |
| 035 | . | ‡a(OCoLC)244813824 | |
| 040 | . | ‡aOLA001 ‡bcze ‡dABA001 | |
| 043 | . | ‡ae-xr--- | |
| 072 | 7. | ‡a316.4/.7 ‡xSociální interakce. Sociální komunikace ‡2Konspekt ‡918 | |
| 080 | . | ‡a316.46 ‡2MRF | |
| 080 | . | ‡a316.344.42 ‡2MRF | |
| 080 | . | ‡a32.019.5 ‡2MRF | |
| 080 | . | ‡a(437.3) ‡2MRF | |
| 080 | . | ‡a(048.8) ‡2MRF | |
| 100 | 1 | . | ‡aFrič, Pavol, ‡d1956- ‡7jn19990210222 ‡4aut |
| 245 | 1 | 0. | ‡aVůdcovství českých elit / ‡cPavol Frič a kol. |
| 250 | . | ‡aVyd. 1. | |
| 260 | . | ‡aPraha : ‡bGrada, ‡c2008 | |
| 300 | . | ‡a296 s. : ‡bil. ; ‡c21 cm | |
| 490 | 1 | . | ‡aSociologie |
| 504 | . | ‡aObsahuje bibliografii, bibliografické odkazy a rejstříky | |
| 650 | 0 | 7. | ‡avůdcovství ‡7ph127401 ‡2czenas |
| 650 | 0 | 7. | ‡aelity ‡7ph114463 ‡zČesko ‡2czenas |
| 650 | 0 | 7. | ‡aveřejné mínění ‡7ph116571 ‡zČesko ‡2czenas |
| 650 | 0 | 9. | ‡aleadership ‡2eczenas |
| 650 | 0 | 9. | ‡aelites ‡zCzechia ‡2eczenas |
| 650 | 0 | 9. | ‡apublic opinion ‡zCzechia ‡2eczenas |
| 655 | 7. | ‡astudie ‡7fd133597 ‡2czenas | |
| 655 | 9. | ‡astudies ‡2eczenas | |
| 830 | 0. | ‡aSociologie (Grada) | |
| 856 | 4 | 1. | ‡uhttp://krameriusndk.nkp.cz/search/handle/uuid:fd73c9a0-b4f2-11e9-8fdf-005056827e52 ‡yDigitalizovaný dokument |
| 910 | . | ‡aABG312 | |
| 995 | . | ‡aska | |
| 901 | . | ‡a14461 ‡bCZ PrNK ‡c14461 ‡tbiblio | |